=LDR 00000nam 2200000 4500 =001 NUTBA000000000005382 =005 20141028160822.0 =006 =007 =008 =020 ##$$a 978-979-9314-66-6 =035 ##$$a 0010-101400000000612 =040 ##$$a NBPDMAT =090 ##$$a 345.05 $b Pan h =100 ##$$a Pangaribuan, Luhut =245 ##$$a Hukum acara pidana, surat resmi advokat di pengadilan/ $c DR. Luhut Pangaribuan =260 ##$$a Jakarta : $b Papas Sinar Sinanti, $c 2013 =300 ##$$a 341 hlm. ; $c 23 cm. =650 ##$$a Hukum Acara Pidana =850 ##$$a NBPDMAT =990 ##$$a 0001/BPAP-NTB/20142014